Карьера для творческого человека. Курс выживания в джунглях современного бизнеса: пер. с англ.

Detalhes bibliográficos
Autor principal: Силбер Л. Ли
Idioma:russo
Publicado em: Москва, Добрая книга, 2002
Assuntos:
Formato: Livro
KOHA link:https://koha.lib.tpu.ru/cgi-bin/koha/opac-detail.pl?biblionumber=41936

MARC

LEADER 00000nam0a2200000 4500
001 41936
005 20231101210722.0
010 |a 5940150071 
035 |a (RuTPU)RU\TPU\book\43080 
090 |a 41936 
100 |a 20020704d2002 m y0rusy50 ca 
101 1 |a rus  |c eng 
102 |a RU 
105 |a y z 000zy 
200 1 |a Карьера для творческого человека. Курс выживания в джунглях современного бизнеса  |e пер. с англ.  |f Л. Силбер 
210 |a Москва  |c Добрая книга  |d 2002 
215 |a 384 с. 
606 |a Бизнес  |x Психология  |2 stltpush  |3 (RuTPU)RU\TPU\subj\28636  |9 52151 
610 1 |a психология 
610 1 |a труд 
610 1 |a экономика 
610 1 |a успех 
610 1 |a карьера 
610 1 |a творческая личность 
686 |a Ю949.3  |v LBC/SL-A  |2 rubbk 
700 1 |a Силбер  |b Л.  |g Ли 
801 1 |a RU  |b 63413507  |c 20020704  |g PSBO 
801 2 |a RU  |b 63413507  |c 20190228  |g PSBO 
942 |c BK